| 000 | 00691nam a22002177a 4500 | ||
|---|---|---|---|
| 005 | 20170124110223.0 | ||
| 010 | _aA-352249 | ||
| 020 |
_c00.00 _a8120709551 |
||
| 035 | _aA-352249 | ||
| 037 | _bCen Lib/Ret | ||
| 040 |
_aDPL _bEN |
||
| 082 |
_a741.092 _bPOT |
||
| 100 |
_aPotabenko, Svyatoslav _940201 |
||
| 245 |
_aVision of india : _cby Svyatoslav Potabenko _bin the works of russian and soviet artists / |
||
| 260 |
_aNew Delhi _bSterling Publishers _c1989 |
||
| 270 |
_bNew Delhi _e110016 _aL-10, green park extention |
||
| 300 |
_aviii, 57p.: _c27cm(Hb) _bill. |
||
| 650 |
_aArt, Soviet _940202 |
||
| 650 |
_aArtists _924161 |
||
| 942 |
_2ddc _cEN _h741.092 _mPOT |
||
| 999 |
_c134249 _d134249 |
||